Вопросы клинической онкологии (Запись № 5126209)

Подробности
000 -МАРКЕР
контрольное поле 01167nam0a22002891 4500
001 - ИДЕНТИФИКАТОР ЗАПИСИ
контрольное поле rc\2373505
005 - ИДЕНТИФИКАТОР ВЕРСИИ
контрольное поле 20110829160620.1
035 ## - ДРУГИЕ СИСТЕМНЫЕ НОМЕРА
Идентификатор записи (NLR Aleph) 006687613
100 ## - ДАННЫЕ ОБЩЕЙ ОБРАБОТКИ
Данные общей обработки 20110829d1976 |||y0rusy50 ca
101 0# - ЯЗЫК РЕСУРСА
Язык текста, звукозаписи и т.д. русский
102 ## - СТРАНА ПУБЛИКАЦИИ ИЛИ ПРОИЗВОДСТВА
Страна публикации Российская Федерация
105 ## - ПОЛЕ КОДИРОВАННЫХ ДАННЫХ: ТЕКСТОВЫЕ МАТЕРИАЛЫ, МОНОГРАФИЧЕСКИЕ
Кодированные данные о монографическом текстовом документе y z |||||
200 1# - ЗАГЛАВИЕ И СВЕДЕНИЯ ОБ ОТВЕТСТВЕННОСТИ
Основное заглавие Вопросы клинической онкологии
Сведения, относящиеся к заглавию [Сборник статей]
Первые сведения об ответственности Моск. обл. клинич. онкол. больница
Последующие сведения об ответственности [Науч. ред. кандидаты мед. наук И.П. Меленчук, Б.Г. Гольдман]
210 ## - ПУБЛИКАЦИЯ, РАСПРОСТРАНЕНИЕ И ДР.
Место издания, распространения и т.д. Москва
Имя издателя, распространителя и т. д. МОНИКИ
Дата издания, распространения и т.д. 1976
215 ## - ФИЗИЧЕСКАЯ ХАРАКТЕРИСТИКА
Специфическое обозначение материала и объем 205 с.
Размеры 22
225 1# - СЕРИЯ
Основное заглавие серии Моск. обл. науч.-исслед. клинич. ин-т им. М.Ф. Владимирского. Труды института
Обозначение тома Т. 14
606 ## - НАИМЕНОВАНИЕ ТЕМЫ КАК ПРЕДМЕТ
Наименование темы Онкология клиническая
Формальный подзаголовок Сборники
Код системы rkp
702 #1 - ИМЯ ЛИЦА - ВТОРИЧНАЯ ОТВЕТСТВЕННОСТЬ
Начальный элемент ввода Гольдман
Часть имени, кроме начального элемента ввода Б. Г.
Код отношения Редактор
702 #1 - ИМЯ ЛИЦА - ВТОРИЧНАЯ ОТВЕТСТВЕННОСТЬ
Начальный элемент ввода Меленчук
Часть имени, кроме начального элемента ввода И. П.
Код отношения Редактор
801 #0 - ИСТОЧНИК ЗАПИСИ
Страна Российская Федерация
Организация NLR
Правила каталогизации psbo
801 #1 - ИСТОЧНИК ЗАПИСИ
Страна Российская Федерация
Организация ELAR
Источник данных rusmarc
852 ## - МЕСТОНАХОЖДЕНИЕ И ШИФР ХРАНЕНИЯ
Идентификатор организации NLR
Шифр хранения (Call Number) П16/861
899 ## - ДАННЫЕ О МЕСТОНАХОЖДЕНИИ (устаревшее)
Местонахождение RuMoRGB
Шифр хранения XXIV 131/101
899 ## - ДАННЫЕ О МЕСТОНАХОЖДЕНИИ (устаревшее)
Местонахождение RuMoRGB
Шифр хранения XXIV 131/102
942 ## - ДОПОЛНИТЕЛЬНЫЕ ЭЛЕМЕНТЫ ЗАПИСИ (АБИС)
Тип экземпляра АБИС Книга
980 ## - КОЛЛЕКЦИЯ
Название коллекции Национальная библиография
Экземпляры
Тип экземпляра Дата поступления Библиотека постоянного хранения Библиотека текущего хранения Место хранения Шифр хранения Штрих-код Статус экземпляра
Книга 26.10.2013 РНБ (Московский) РНБ (Московский) Русский журнальный фонд П16/861 6687613-20